000 00888nam a2200301 i 4500
001 bg
245 0 0 _aNajpopularniejsze egzaminy językowe :
_bprzewodnik /
_cIwona Święcka [et al.].
260 _aWarszawa :
_b"Fraszka Edukacyjna",
_c2002.
300 _a86 s. ;
_c29 cm.
500 _aNa s. red. błędny ISBN.
504 _aBibliogr.
650 9 _aEgzaminy
650 9 _aJęzyk angielski
650 9 _aJęzyk francuski
650 9 _aJęzyk hiszpański
650 9 _aJęzyk niemiecki
655 _aĆwiczenia i zadania
700 1 _aŚWIĘCKA, Iwona
015 _aPB 9095/2003
020 _a8388839853
040 _cBPK
041 0 _apol
080 _a811.111+811.112.2+811.133.1+811.134.2](079)
920 _a83-88839-85-3
942 _cKS
008 s pl f |000 0 pol
999 _c45963
_d45963
856 _uhttp://koha.tu.koszalin.pl/cgi-bin/koha/opac-detail.pl?biblionumber=45963
_yKatalog online BPK